| 000 | 00485nam a2200181Ia 4500 | ||
|---|---|---|---|
| 008 | 131103s9999 xx 000 0 und d | ||
| 040 | _aLoreto College | ||
| 041 | _aEnglish | ||
| 082 |
_a843/BAL _bLCLIB/13058 |
||
| 100 | _aHunt, Herbert J. | ||
| 245 |
_aBalzac's comedie humaine _cby Herbert J. Hunt |
||
| 260 |
_aLondon _bThe Ahtlone Press _c1964 |
||
| 300 |
_a507p. _c 18c.m. |
||
| 504 | _aIncludes index | ||
| 650 | _aFrench fiction | ||
| 850 | _aLCLIB/843/BAL | ||
| 942 | _cBK | ||
| 999 |
_c23850 _d74329 |
||